[Event "COL-ch U2000"]
[Site "Villamaria"]
[Date "2019.11.03"]
[Round "4"]
[White "Pereira Vera, Henry Alberto"]
[Black "Torres, Richard"]
[Result "1-0"]
[WhiteElo "1828"]
[BlackElo "1992"]
[PlyCount "39"]
[EventDate "2019.11.01"]
[EventType "swiss"]
[EventRounds "7"]
[EventCountry "COL"]
[SourceTitle "CBM 193 Extra"]
[Source "ChessBase"]
[SourceDate "2020.01.31"]
[SourceVersion "1"]
[SourceVersionDate "2020.01.31"]
[SourceQuality "1"]

1. b3 e5 2. Bb2 Nc6 3. c4 Nf6 4. e3 d5 5. cxd5 Nxd5 6. a3 Bd6 7. Qc2 f5 8. d3 Be6 9. Nf3 0-0 10. Nbd2 Nf6 11. Be2 Qe7 12. b4 a6 13. Rc1 Rad8 14. 0-0 Rfe8 15. Ng5 Bd7 16. Qc4+ Kf8 17. Bd1 h6 18. Ngf3 b5 19. Qb3 a5 20. Nh4 1-0

[Event "COL pre olympic sf2"]
[Site "Palmira"]
[Date "2019.05.31"]
[Round "5"]
[White "Vanegas, Ricardo"]
[Black "Torres, Richard"]
[Result "1-0"]
[WhiteElo "1807"]
[BlackElo "2036"]
[PlyCount "55"]
[EventDate "2019.05.29"]
[EventType "swiss"]
[EventRounds "10"]
[EventCountry "COL"]
[SourceTitle "CBM 190 Extra"]
[Source "ChessBase"]
[SourceDate "2019.07.15"]
[SourceVersion "1"]
[SourceVersionDate "2019.07.15"]
[SourceQuality "1"]

1. e4 e6 2. Nf3 d5 3. Nc3 Nf6 4. e5 Nfd7 5. d4 c5 6. dxc5 Bxc5 7. Bd3 Nc6 8. Bf4 f6 9. exf6 Nxf6 10. 0-0 0-0 11. Qd2 a6 12. Rae1 Bd6 13. Bg3 Bxg3 14. hxg3 Bd7 15. a3 Qc7 16. Qg5 Rae8 17. Qh4 Qd6 18. g4 g6 19. Rd1 Qf4 20. Nh2 Kg7 21. Ne2 Qd6 22. Ng3 Ne5 23. Be2 Qc5 24. Kh1 Rh8 25. b4 Qc6 26. g5 Ng8 27. Qd4 Qc7 28. f4 1-0

[Event "COL-ch School U17"]
[Site "Cali"]
[Date "2012.02.25"]
[Round "5.1"]
[White "Moreno Bermudez, Jhon Jairo"]
[Black "Torres, Richard"]
[Result "1-0"]
[WhiteElo "1606"]
[BlackElo "1638"]
[PlyCount "45"]
[EventDate "2012.02.23"]
[EventType "swiss"]
[EventRounds "7"]
[EventCountry "COL"]
[SourceTitle "EXT 2024"]
[Source "ChessBase"]
[SourceDate "2023.10.10"]
[SourceVersion "1"]
[SourceVersionDate "2023.10.10"]
[SourceQuality "1"]

1. e4 e6 2. d4 d5 3. Nc3 Nf6 4. Bg5 Bb4 5. e5 Bxc3+ 6. bxc3 h6 7. exf6 hxg5 8. fxg7 Rg8 9. Qh5 Qf6 10. h4 Qxg7 11. hxg5 Qxg5 12. Qxg5 Rxg5 13. Rh8+ Kd7 14. Nf3 Rf5 15. Bd3 Rxf3 16. gxf3 Nc6 17. f4 a6 18. Kd2 f5 19. Re1 Na5 20. Reh1 Nc4+ 21. Bxc4 dxc4 22. R1h7+ Kd6 23. Rd8+ 1-0